MARC

LEADER 00000nam0a2200000 4500
001 76470
005 20231031091658.0
035 |a (RuTPU)RU\TPU\book\81944 
090 |a 76470 
100 |a 20050421d1990 k y0rusy50 ca 
101 0 |a rus 
102 |a RU 
105 |a a z 001zy 
200 1 |a Безопасность парогенераторов натрий-вода  |f В. М. Поплавский, Ф. А. Козлов 
210 |a Москва  |c Энергоатомиздат  |d 1990 
215 |a 142 с.  |c ил. 
225 1 |a Физика и техника ядерных реакторов  |v вып. 41 
320 |a Библиогр.: с. 137-141. 
610 1 |a парогенераторы 
610 1 |a натрий 
610 1 |a вода 
610 1 |a взаимодействие 
610 1 |a процессы 
610 1 |a аварийная защита 
675 |a 621.039.534  |v 3 
700 1 |a Поплавский  |b В. М.  |g Владимир Михайлович 
701 1 |a Козлов  |b Ф. А.  |g Федор Алексеевич 
801 1 |a RU  |b 63413507  |c 20050421  |g PSBO 
801 2 |a RU  |b 63413507  |c 20140711  |g PSBO 
942 |c BK